Detalles MARC
| 000 -LEADER |
| campo de control de longitud fija |
02217cam a2200373 i 4500 |
| 003 - IDENTIFICADOR DE NÚMERO DE CONTROL |
| campo de control |
PE-LiUPU |
| 005 - FECHA Y HORA DE LA ÚLTIMA TRANSACCIÓN |
| campo de control |
20251231124353.0 |
| 008 - DATOS DE LONGITUD FIJA--INFORMACIÓN GENERAL |
| campo de control de longitud fija |
1503 s2015 ar a rb 000 0 spa d |
| 020 ## - NÚMERO INTERNACIONAL ESTÁNDAR DEL LIBRO |
| Número Internacional Estándar del Libro |
9789877013184 |
| 035 ## - NÚMERO DE CONTROL DEL SISTEMA |
| Número de control de sistema |
PE-LiUPU00054 |
| 040 ## - FUENTE DE CATALOGACIÓN |
| Centro catalogador/agencia de origen |
PE-LiUPU |
| Lengua de catalogación |
spa |
| Centro/agencia transcriptor |
PE-LiUPU |
| Normas de descripción |
rda |
| 082 04 - NÚMERO DE LA CLASIFICACIÓN DECIMAL DEWEY |
| Número de clasificación |
286.732092 |
| Cutter |
F151p |
| Número de edición |
23 |
| 100 1# - ENTRADA PRINCIPAL--NOMBRE DE PERSONA |
| Nombre de persona |
Fagal, William, |
| Término indicativo de función/relación |
autor. |
| 9 (RLIN) |
7819 |
| 245 14 - MENCIÓN DEL TÍTULO |
| Título |
101 preguntas acerca de Elena G. de White y sus escritos / |
| Mención de responsabilidad, etc. |
William Fagal ; dirigido por Jael Jerez. |
| 250 ## - MENCION DE EDICION |
| Mención de edición |
Primera edición. |
| 264 #1 - PRODUCCIÓN, PUBLICACIÓN, DISTRIBUCIÓN, FABRICACIÓN Y COPYRIGHT |
| Producción, publicación, distribución, fabricación y copyright |
Florida : |
| Nombre del de productor, editor, distribuidor, fabricante |
Asociación Casa Editora Sudamericana, |
| Fecha de producción, publicación, distribución, fabricación o copyright |
2015. |
| 264 #3 - PRODUCCIÓN, PUBLICACIÓN, DISTRIBUCIÓN, FABRICACIÓN Y COPYRIGHT |
| Producción, publicación, distribución, fabricación y copyright |
Impreso en la Argentina. |
| 300 ## - DESCRIPCIÓN FÍSICA |
| Extensión |
175 páginas ; |
| Dimensiones |
21 cm |
| 336 ## - TIPO DE CONTENIDO |
| Término de tipo de contenido |
text |
| Fuente |
rdacontent |
| 337 ## - TIPO DE MEDIO |
| Nombre/término del tipo de medio |
unmediated |
| Fuente |
rdamedia |
| 338 ## - TIPO DE SOPORTE |
| Nombre/término del tipo de soporte |
volume |
| Fuente |
rdacarrier |
| 500 ## - NOTA GENERAL |
| Nota general |
Incluye preguntas y respuestas sobre la vida, el ministerio y los escritos de Elena G. de White. |
| 500 ## - NOTA GENERAL |
| Nota general |
Obra de carácter explicativo y apologético. |
| 505 ## - NOTA DE CONTENIDO CON FORMATO |
| Nota de contenido con formato |
Preguntas sobre Elena de White y su inspiración -- Preguntas sobre las normas de la iglesia adventista -- Preguntas sobre los tiempos finales -- Preguntas sobre la salud y la alimentación -- Preguntas sobre la Iglesia Adventista -- Preguntas sobre el matrimonio y el sexo -- Preguntas sobre la vida espiritual -- Preguntas sobre temas diversos. |
| 520 ## - RESUMEN, ETC. |
| Sumario, etc. |
Obra organizada en forma de preguntas y respuestas que aborda los interrogantes más frecuentes y controversiales sobre la vida, la inspiración, la autoridad y los escritos de Elena G. de White. El autor ofrece aclaraciones documentadas, contextualiza citas y explica conceptos teológicos y históricos relacionados con el ministerio profético de White dentro del adventismo del séptimo día. |
| 600 14 - PUNTO DE ACCESO ADICIONAL DE MATERIA--NOMBRE DE PERSONA |
| Nombre de persona |
White, Ellen G., |
| Fechas asociadas al nombre |
1827-1915 |
| 9 (RLIN) |
833 |
| Subdivisión general |
Crítica e interpretación |
| 600 24 - PUNTO DE ACCESO ADICIONAL DE MATERIA--NOMBRE DE PERSONA |
| Nombre de persona |
White, Ellen G. |
| Fechas asociadas al nombre |
1827-1915. |
| 9 (RLIN) |
833 |
| Subdivisión general |
Inspiración |
| 610 #0 - PUNTO DE ACCESO ADICIONAL DE MATERIA--NOMBRE DE ENTIDAD CORPORATIVA |
| Nombre de entidad corporativa o nombre de jurisdicción como elemento de entrada |
Iglesia Adventista del Séptimo Día |
| 9 (RLIN) |
4265 |
| Subdivisión general |
Doctrinas |
| 610 #0 - PUNTO DE ACCESO ADICIONAL DE MATERIA--NOMBRE DE ENTIDAD CORPORATIVA |
| Nombre de entidad corporativa o nombre de jurisdicción como elemento de entrada |
Iglesia Adventista del Séptimo Día |
| 9 (RLIN) |
4265 |
| Subdivisión general |
Historia |
| 700 ## - ENTRADA AGREGADA--NOMBRE PERSONAL |
| Nombre de persona |
Jerez, Jael, |
| Término indicativo de función/relación |
directora. |
| 9 (RLIN) |
7823 |
| 710 2# - ENTRADA AGREGADA--NOMBRE DE ENTIDAD CORPORATIVA |
| Nombre de entidad corporativa o nombre de jurisdicción como elemento de entrada |
Asociación Casa Editora Sudamericana. |
| 942 ## - ELEMENTOS DE ENTRADA SECUNDARIOS (KOHA) |
| Fuente del sistema de clasificación o colocación |
Clasificación Decimal Dewey |
| Tipo de ítem Koha |
Libros físicos |
| 980 ## - EQUIVALENCIA O REFERENCIA-CRUZADA-MENCIÓN DE SERIE--NOMBRE DE PERSONA/TÍTULO [LOCAL, CANADÁ] |
| ID del usuario creador del registro |
18228 |
| Nombre del creador del registro |
Rebeca Esther Huerta Leyton |
| ID del último usuario que modificó el registro |
18226 |
| Nombre del último usuario que modificó el registro |
Jaime Vilcazán Jefe de Análisis Documental |